01336 a2200193 45000010006000000050017000060080041000230030015000640400040000790800059001192450097001780200018002752640040002933000023003335050603003561000021009597000029009808560133010092536420260407155538.0260407a2001 arg spa dAR-UNSa-BCEJYS aAR-UNSa-BCEJYSbspacAR-UNSa-BCEJYS a336.76xBolsa. Mercado del dinero. Mercado del capital10aInstrumentos financieros fundamentalespcomprender para innovar en el mundo de los derivados a84-205-3195-2 1aMadrid :bPearson Educaciónc2001 axx, 274 p.c25 cm. a1. Introducción al mundo de los instrumentos financieros y los derivados - 2. Cómo atrapar la gran idea nueva - 3. ¿Qué genera la innovación? - 4. Los riesgos fundamentales - 5. Instrumentos financieros fundamentales - 6. Derivados para el cliente particular - 7. El forward de ruptura - 8. Swaps perpetuos - 9. Elección de la cobertura y medida del resultado - 10. Gestión del riesgo legal - 11. Aspectos impositivos de los derivados y de la gestión del riesgo - 12. Derivados sobre créditos y seguros - 13. Peligros y desastres: principios y beneficios - 14. El futuro financiero1 aEdwardes, Warren1 aNúñez Nickel, Manuel41uhttps://biblioeco.unsa.edu.ar/pmb/images/libros/Instrumentos Financieros Fundamentales (2001).jpgyImagen de portadaqimage/jpeg